Introducción al análisis de circuitos

Đã lưu trong:
Chi tiết về thư mục
Tác giả chính: Boylestad, Robert L (Tác giả)
Định dạng: Sách
Ngôn ngữ:Tiếng Tây Ban Nha
Được phát hành: Ciudad de México Pearson Educación 2004
Phiên bản:10a. ed
Những chủ đề:
Các nhãn: Thêm thẻ
Không có thẻ, Là người đầu tiên thẻ bản ghi này!

MARC

LEADER 00000nam a2200000 a 4500
001 UCL9283
003 CL-VaPUC
008 040730e20040000MX |||||||||||||||||spa|d
020 |a 9702604486 
082 0 4 |a 621.381  |b BOY  |2 21 
100 0 |a Boylestad, Robert L  |e author  |9 487114 
245 1 0 |a Introducción al análisis de circuitos 
250 |a 10a. ed 
300 |a 1228 p 
942 |c BK 
945 |d 20040730 00:00:00  |a cmena 
260 |a Ciudad de México  |b Pearson Educación  |c 2004 
650 0 |a Circuitos eléctricos   |9 260262 
650 0 |a Energía eléctrica  |9 256678 
650 0 |a Redes eléctricas   |9 260139 
650 0 |a Electromagnetismo   |9 260123 
583 |a last modification  |c 20040730 00:00:00  |k Rodrigo Vera 
999 |c 310145  |d 310143 
952 |0 0  |1 0  |2 ddc  |4 0  |6 621_381000000000000_BOY_2004  |7 0  |8 A  |9 378331  |a BIBING  |b BIBING  |c RES  |d 2019-11-21  |i 4342518  |o 621.381 BOY 2004  |p 4342518  |r 2025-01-20  |w 2019-11-21  |y BK  |k EIE 
952 |0 0  |1 0  |2 ddc  |4 0  |6 621_381000000000000_BOY_2004  |7 0  |8 A  |9 378333  |a BIBING  |b BIBING  |c RES  |d 2019-11-21  |i 4484088  |o 621.381 BOY 2004  |p 4484088  |r 2025-01-20  |w 2019-11-21  |y BK  |k EIE